| 000 | 00668nam a2200253Ia 4500 | ||
|---|---|---|---|
| 001 | 15083 | ||
| 003 | GE_BSU | ||
| 008 | 181216s||||||||xx |||||||||||||| ||und|| | ||
| 020 | _a9785060044997 | ||
| 040 | _cGE_BSU | ||
| 080 | _a316.2 | ||
| 100 | _aКукушкина,Е.И. | ||
| 245 | _aИстория социологии | ||
| 245 | _bУчебник | ||
| 245 | _cРед.Л.Ф.Пемцкая | ||
| 260 | _aМосква | ||
| 260 | _bВысшая школа | ||
| 260 | _c2009 | ||
| 300 | _a486стр.20см. | ||
| 653 | _aИстория социологии | ||
| 653 | _aСоциология | ||
| 653 | _aსოციოლოგია | ||
| 942 | _cBK | ||
| 999 |
_c48201 _d48201 |
||